| 000 | 00333nam a22001457a 4500 | ||
|---|---|---|---|
| 003 | SGT | ||
| 020 | _a9789384961237 | ||
| 082 |
_a340.14 _bMAT |
||
| 100 | _aMATHUR , D.N | ||
| 245 | _aINTERPRETATION OF STATUTES | ||
| 250 | _a5 | ||
| 260 |
_aALLAHABAD _bCENTRAL LAW PUBLICATION _c2018 |
||
| 300 | _aXXXIX, 475 | ||
| 942 |
_2ddc _cBK _013 |
||
| 999 |
_c19747 _d19747 |
||